| 000 | 01046nam a22003737a 4500 | ||
|---|---|---|---|
| 001 | BR2015001754 | ||
| 003 | BR-BrBNA | ||
| 005 | 20230928104605.0 | ||
| 007 | ta | ||
| 008 | 230509b bl.||||| |||| 00| 0 por d | ||
| 040 |
_aBR-BrBNA _bpor _cBiblioteca Nacional de Agricultura |
||
| 041 | _a(Por) | ||
| 072 | _aP06 | ||
| 090 | _ P06 BR2015001754 | ||
| 100 | 1 | _aSalomon, K.R. | |
| 100 | 1 | _aOliveira, A.M. de J.S. | |
| 100 | 1 | _aMartins, K.A. | |
| 100 | 1 | _asouza, J.E.A. de | |
| 100 | 1 | _aAmorim, E.L.C. de | |
| 100 | 1 | _aBarboza, A. da S.R. | |
| 100 | 1 | _aPlentz, S.M. | |
| 110 | 1 |
_aUniversidade Federal de Alagoas, Maceió, AL (Brasil) _910774 |
|
| 110 | 1 | _aGoverno do Estado de Alagoas, Maceió, AL (Brasil) | |
| 245 | 1 | _aAtlas de Bioenergia de Alagoas | |
| 260 | 3 |
_aMaceió, AL (Brasil): _c2014. |
|
| 300 | _a80 p. | ||
| 500 | _a10 ref.; 27 illus.; 13 maps.; 12 tables | ||
| 650 | _aBIOENERGIA | ||
| 650 | _aBIOMASSA | ||
| 650 | _aALAGOAS | ||
| 650 | _aMACEIÓ | ||
| 909 |
_a202309 _bLucia _c55 _dLucia Elande |
||
| 942 | _cBK | ||
| 999 |
_c80733 _d80733 |
||